LEADER 01197nam0 22003011i 450 001 SUN0035366 005 20180426122510.550 010 $a00-7037-843-6 100 $a20050413d1983 |0engc50 ba 101 $aeng 102 $aUS 105 $a|||| ||||| 200 1 $aSpacecraft dynamics$fThomas R. Kane, Peter W. Likins, David A. Levinson 210 $aNew York$cMcGraw-Hill$d1983 215 $aXI, 436 p.$cill.$d25 cm. 620 $aUS$dNew York$3SUNL000011 700 1$aKane$b, Thomas R.$3SUNV029861$014585 701 1$aLikins$b, Peter W.$3SUNV029862$0491111 701 1$aLevinson$b, David A.$3SUNV029863$0491110 712 $aMcGraw Hill$3SUNV000135$4650 790 1$aKane, Thomas Reif$zKane, Thomas R.$3SUNV050610 790 1$aLikins, Peter William$zLikins, Peter W.$3SUNV080802 801 $aIT$bSOL$c20181109$gRICA 912 $aSUN0035366 950 $aUFFICIO DI BIBLIOTECA DEI DIPARTIMENTI DI INGEGNERIA$d05 CONS C I 016 $e05 445 995 $aUFFICIO DI BIBLIOTECA DEI DIPARTIMENTI DI INGEGNERIA$bIT-CE0100$h445$kCONS C I 016$oc$qa 996 $aSpacecraft dynamics$9333894 997 $aUNICAMPANIA LEADER 00937nam0 22002531i 450 001 UON00111010 005 20231205102636.638 100 $a20020107f |0itac50 ba 101 $aara 102 $aEG 105 $a|||| 1|||| 200 1 $aAhadit nabawiyya sarifa$fMahmud Farag al-'Uqda 210 $aal-Qahira$c[s.n.]$d[19..] 215 $a320 p.$d23 cm 606 $aHadith$3UONC019487$2FI 620 $aEG$dIl Cairo$3UONL000377 686 $aARA VII AC$cPAESI ARABI - FILOSOFIA E RELIGIONE - ISLAM - HADITH$2A 700 1$aˆal-‰UQDA$bMahmud Farag$3UONV070374$0666216 801 $aIT$bSOL$c20250110$gRICA 899 $aSIBA - SISTEMA BIBLIOTECARIO DI ATENEO$2UONSI 912 $aUON00111010 950 $aSIBA - SISTEMA BIBLIOTECARIO DI ATENEO$dSI ARA VII AC 045 $eSI AR 4019 7 045 996 $aAhadit nabawiyya sarifa$91307948 997 $aUNIOR